NHL Teams with most Playoff wins - Statistics

General Stats
  • This quiz has been taken 793 times
  • The average score is 15 of 31
Answer Stats
Wins Team % Correct
447 Montreal Canadiens
99%
332 Boston Bruins
88%
325 Detroit Red Wings
84%
268 Chicago Blackhawks
81%
267 Toronto Maple Leafs
78%
244 New York Rangers
75%
231 Philadelphia Flyers
65%
209 Pittsburgh Penguins
64%
160 Edmonton Oilers
54%
172 New York Islanders
53%
185 Dallas Stars
52%
182 St. Louis Blues
48%
159 Colorado Avalanche
44%
111 Los Angeles Kings
38%
138 Washington Capitals
38%
137 New Jersey Devils
37%
105 Calgary Flames
36%
15 Columbus Blue Jackets
36%
16 Winnipeg Jets
36%
124 Buffalo Sabres
35%
107 Tampa Bay Lightning
35%
111 Vancouver Canucks
35%
89 Anaheim Ducks
34%
119 San Jose Sharks
34%
38 Vegas Golden Knights
34%
76 Carolina Hurricanes
32%
21 Florida Panthers
31%
30 Minnesota Wild
31%
72 Ottawa Senators
30%
45 Arizona Coyotes
29%
54 Nashville Predators
27%
No matching quizzes found
Score Distribution
Percent of People with Each Score
Percentile by Number Answered
Your Score History
You have not taken this quiz